"Lee y difúndelo": (Registro nro. 280)

Detalles MARC
000 -LEADER
campo de control de longitud fija 00857nam a22002177a 4500
001 - NÚMERO DE CONTROL
campo de control EIF-V-2003-M3-005
003 - IDENTIFICADOR DE NÚMERO DE CONTROL
campo de control OSt
005 - FECHA Y HORA DE LA ÚLTIMA TRANSACCIÓN
campo de control 20221110130121.0
008 - DATOS DE LONGITUD FIJA--INFORMACIÓN GENERAL
campo de control de longitud fija 221110b |||||||| |||| 00| 0 eng d
040 ## - FUENTE DE CATALOGACIÓN
Centro catalogador/agencia de origen Fundación Jesús Pereda
Centro/agencia transcriptor Fundación Jesús Pereda
041 ## - CÓDIGO DE IDIOMA
Código de lengua del texto/banda sonora o título independiente Castellano
100 ## - ENTRADA PRINCIPAL--NOMBRE DE PERSONA
Nombre de persona Gordon, Carlos A.
9 (RLIN) 453
111 ## - ENTRADA PRINCIPAL--NOMBRE DE CONGRESO/REUNIÓN
Nombre de congreso/reunión o jurisdicción como elemento de entrada Encuentro de Investigadores del Franquismo
Sede del congreso/Lugar de la reunión (Albacete.
Fecha del congreso o de la firma del tratado 2003.
Número del congreso/reunión o número de parte o sección 5º)
9 (RLIN) 97
245 ## - MENCIÓN DEL TÍTULO
Título "Lee y difúndelo":
Resto del título apuntes para una historia de la prensa comunista en Asturias,
Fechas extremas/inclusivas 1937-1977
Mención de responsabilidad, etc. /Carlos A. Gordon
650 #0 - PUNTO DE ACCESO ADICIONAL DE MATERIA--TÉRMINO DE MATERIA
9 (RLIN) 161
Término de materia o nombre geográfico como elemento de entrada Medios de comunicación
650 #0 - PUNTO DE ACCESO ADICIONAL DE MATERIA--TÉRMINO DE MATERIA
9 (RLIN) 153
Término de materia o nombre geográfico como elemento de entrada Ideología política
651 #0 - PUNTO DE ACCESO ADICIONAL DE MATERIA--NOMBRE GEOGRÁFICO
9 (RLIN) 341
Nombre geográfico Asturias
773 ## - ASIENTO DE ITEM FUENTE
Título <a href="Actas del V Encuentro de Investigadores del Franquismo">Actas del V Encuentro de Investigadores del Franquismo</a>
856 ## - LOCALIZACIÓN Y ACCESO ELECTRÓNICOS
Identificador Uniforme de Recursos <a href="https://bibliotecaccoocyl.fundacionjesuspereda.es/cgi-bin/koha/opac-retrieve-file.pl?id=1b4af1d5dc546f7fa1726fe72ba831a5">https://bibliotecaccoocyl.fundacionjesuspereda.es/cgi-bin/koha/opac-retrieve-file.pl?id=1b4af1d5dc546f7fa1726fe72ba831a5</a>
942 ## - ELEMENTOS DE ENTRADA SECUNDARIOS (KOHA)
Fuente del sistema de clasificación o colocación Clasificación Decimal Dewey
Tipo de ítem Koha Archivo de computadora
Suprimir en OPAC No

No hay ítems disponibles.

Página web subvencionada totalmente por la Consejería de Cultura y Turismo de la Junta de Castilla y León

Con tecnología Koha